[Event "Ville d'Orsay online Blitz"]
[Site "Europe Echecs INT"]
[Date "2021.02.07"]
[Round "5"]
[White "Boutros, Milan"]
[Black "Gaudin, Eric"]
[Result "1-0"]
[WhiteElo "1430"]
[BlackElo "1821"]
[PlyCount "77"]
[EventDate "2021.02.07"]
[EventType "swiss (blitz)"]
[EventRounds "11"]
[EventCountry "FRA"]
[SourceTitle "CBM 200 Extra"]
[Source "ChessBase"]
[SourceDate "2021.03.31"]
[SourceVersion "1"]
[SourceVersionDate "2021.03.31"]
[SourceQuality "1"]

1. e4 d5 2. exd5 Nf6 3. d4 Bg4 4. Nf3 Qxd5 5. Be2 Nc6 6. Nc3 Qf5 7. 0-0 0-0-0 8. Be3 e5 9. d5 e4 10. Nd4 Nxd4 11. Bxg4 Qxg4 12. Qxg4+ Nxg4 13. Bxd4 f6 14. h3 Nh6 15. Rad1 Bb4 16. Nxe4 Nf5 17. Bc3 Bxc3 18. Nxc3 Rd7 19. Ne4 Rhd8 20. c4 c6 21. g4 Nh4 22. d6 Nf3+ 23. Kg2 Ne5 24. c5 b6 25. b4 Rf8 26. f4 Ng6 27. Kg3 Nh8 28. Rfe1 Nf7 29. g5 f5 30. Nc3 Kd8 31. Re2 Re8 32. Rde1 Rxe2 33. Rxe2 h6 34. g6 Nh8 35. Re6 bxc5 36. bxc5 Rb7 37. Nd1 Rb4 38. Re7 Ra4 39. Rxg7 1-0

[Event "Avoine op 20th"]
[Site "Avoine"]
[Date "2005.07.30"]
[Round "8"]
[White "Gaudin, Eric"]
[Black "Soyer, Jean Yves"]
[Result "1/2-1/2"]
[WhiteElo "2043"]
[BlackElo "2146"]
[PlyCount "160"]
[EventDate "2005.07.23"]
[EventType "swiss"]
[EventRounds "9"]
[EventCountry "FRA"]
[SourceTitle "EXT 2007"]
[Source "ChessBase"]
[SourceDate "2006.11.23"]
[SourceVersion "1"]
[SourceVersionDate "2006.11.23"]
[SourceQuality "1"]

1. e4 c5 2. Nc3 Nc6 3. f4 g6 4. Nf3 Bg7 5. Bc4 e6 6. f5 Nge7 7. fxe6 dxe6 8. 0-0 0-0 9. a3 Nd4 10. d3 Nec6 11. Nxd4 cxd4 12. Ne2 Ne5 13. Bb3 b6 14. Qe1 Nc6 15. Qg3 Kh8 16. Bg5 f6 17. Bd2 e5 18. Bd5 Bd7 19. c3 dxc3 20. bxc3 Rc8 21. d4 exd4 22. cxd4 f5 23. e5 Ne7 24. Bg5 Bb5 25. Nf4 Bxf1 26. Nxg6+ Nxg6 27. Bxd8 Rfxd8 28. Be6 Bc4 29. Bxc8 Rxc8 30. Rc1 b5 31. Qf3 Rd8 32. Rd1 a5 33. g3 a4 34. h4 Bb3 35. Rc1 Bc4 36. h5 Ne7 37. Qf4 h6 38. Qf3 Rxd4 39. Qa8+ Ng8 40. Re1 Rd2 41. Qa5 Rd3 42. e6 Bd4+ 43. Kh2 Bc3 44. Qc7 Bxe1 45. Qe5+ Kh7 46. Qxf5+ Kg7 47. Qe5+ Kf8 48. Qxe1 Ke7 49. Qe5 Nf6 50. Qf4 Rd6 51. Kg1 Bxe6 52. Qc1 Bc4 53. Qe3+ Kf7 54. g4 Ng8 55. Qa7+ Ne7 56. Qe3 Re6 57. Qd2 Rf6 58. Kg2 Bd5+ 59. Kg1 Bc4 60. Kg2 Ng8 61. Qd7+ Ne7 62. Qd2 Re6 63. Qf4+ Ke8 64. g5 hxg5 65. Qxg5 Kd7 66. Qc5 Ng8 67. Qd4+ Rd6 68. Qg7+ Kc6 69. Qc3 Rd3 70. Qc1 Rd6 71. Kg3 Kb7 72. Kh4 Rc6 73. Qe3 Bb3 74. Qf3 Bc4 75. Kg5 Kc7 76. Qf4+ Kb6 77. Qe3+ Kc7 78. Qa7+ Kc8 79. Qa8+ Kd7 80. Qa7+ Ke8 1/2-1/2

[Event "Avoine op 20th"]
[Site "Avoine"]
[Date "2005.07.25"]
[Round "3"]
[White "Thorel, Gregoire"]
[Black "Gaudin, Eric"]
[Result "1/2-1/2"]
[WhiteElo "1790"]
[BlackElo "2043"]
[PlyCount "49"]
[EventDate "2005.07.23"]
[EventType "swiss"]
[EventRounds "9"]
[EventCountry "FRA"]
[SourceTitle "EXT 2007"]
[Source "ChessBase"]
[SourceDate "2006.11.23"]
[SourceVersion "1"]
[SourceVersionDate "2006.11.23"]
[SourceQuality "1"]

1. e4 d5 2. exd5 Nf6 3. c4 e6 4. d4 exd5 5. Nc3 Be7 6. Bg5 dxc4 7. Bxc4 0-0 8. Nf3 Bg4 9. h3 Bh5 10. g4 Bg6 11. Ne5 Nbd7 12. Nxg6 hxg6 13. h4 Nb6 14. Bb3 Re8 15. Kf1 Qd7 16. h5 gxh5 17. Bxf6 Bxf6 18. Rxh5 g6 19. Nd5 Nxd5 20. Rxd5 Qe7 21. Qf3 c6 22. Rd7 Qxd7 23. Qxf6 Kf8 24. Rd1 Rad8 25. Qh8+ 1/2-1/2